000 00284nam a22001337a 4500
008 170421b xxu||||| |||| 00| 0 eng d
020 _a0126183503
041 _aeng
080 _a573
100 _a11
101 _aSHM
245 _aENDOMYCORRHIZAS
_cSANSDERS.F.E
942 _2udc
_cBK
999 _c11465
_d11465